Quizzes
Events
Quiz Creation
Community
Videos
Private Events
Remove Ads
Sign In
Join for FREE
Feedback
Dark Mode
Quiz Categories
Sports
Geography
Music
Movies
Television
Just For Fun
Miscellaneous
History
Literature
Language
Science
Gaming
Entertainment
Religion
Holiday
For Kids
Quiz Lab
Recent
Popular Today
Quiz Kudos Today
Editor Picks
Curator Picks
Quizzes by...
Day
Popularity
Type
Ratings
Length
Year
Community
Subscriptions
Recent Discussions
Orange Saloon
Badges
Playlists
Quests
Create
Leaderboards
Showdown
Live 5
Trivia Bingo
Activity
Puzzle Library
Sporcle Events
Private Events
Virtual Trivia
Globe League
Become a Host
Pub Owners
SporcleCon
Opinionation
Our Games
Videos
Blog
Mobile Apps
Partnerships
Remove Ads and Go Orange
Feedback
Sports
Athletes
MLB
NBA
NHL
NFL
Soccer
Sports Teams
WWE
NCAA
Football
Premier League
Basketball
Baseball
Hockey
Golf
Tennis
Cricket
Rugby
Auto Racing
Olympics
World Cup
Sports
Athletes
MLB
NBA
NHL
NFL
Soccer
Sports Teams
WWE
NCAA
Football
Premier League
Basketball
Baseball
Hockey
Golf
Tennis
Cricket
Rugby
Auto Racing
Olympics
World Cup
Random Quiz
Search Sporcle
×
Quiz Lab
Quiz Lab
Sports
Premier League
Type in answers that appear in a list
Type in answers that appear in a list
Classic
Best Score? Go Orange.
EPL Top 10 scorers '92-'10 Stats
Can you name the EPL Top 10 scorers for each of the following season?
By
awelland
10m
172 Questions
1,128 Plays
1,128 Plays
1,128 Plays
Comments
Comments
Give Quiz Kudos
Give Quiz Kudos
-
- Ratings
hide this ad
More Info
Replay
Link that replays current quiz
Next Quiz
Link to next quiz in quiz playlist
You Got
0%
They Got
Avg Score
71%
Avg Friend Score
Upgrade to see
Score Distribution
Jump to the score distribution portion of the page
Score
0/172
Timer
10:00
0
Plays Today
year
Player Name
% Correct
2005-
06
Thierry Henry
95.1%
2004-
05
Thierry Henry
95.1%
2003-
04
Thierry Henry
95.1%
2002-
03
Thierry Henry
95.1%
2001-
02
Thierry Henry
95.1%
2000-
01
Thierry Henry
95.1%
1999-
00
Thierry Henry
95.1%
2002-
03
Paul Scholes, Robbie Keane, Gianfranco Zola,Robert Pires, Harry Kewell
95%
2003-
04
Alan Shearer
94.9%
2002-
03
Alan Shearer
94.9%
2001-
02
Alan Shearer
94.9%
1999-
00
Alan Shearer
94.9%
1998-
99
Alan Shearer
94.9%
1996-
97
Alan Shearer
94.9%
1995-
96
Alan Shearer
94.9%
1994-
95
Alan Shearer
94.9%
1993-
94
Alan Shearer
94.9%
1992-
93
Alan Shearer
94.9%
2009-
10
Wayne Rooney
94.7%
2008-
09
Wayne Rooney
94.7%
2006-
07
Wayne Rooney
94.7%
2005-
06
Wayne Rooney
94.7%
2005-
06
Didier Drogba, Henri Camara
94.1%
2009-
10
Didier Drogba
94.1%
2006-
07
Didier Drogba
94.1%
2004-
05
Andy Cole
92.6%
2001-
02
Andy Cole
92.6%
1999-
00
Andy Cole
92.6%
1998-
99
Andy Cole
92.6%
1997-
98
Andy Cole
92.6%
1994-
95
Andy Cole
92.6%
1993-
94
Andy Cole
92.6%
1992-
93
Eric Cantona, Matt LeTissier, Ian Wright, Chris Armstrong, Brain Deane, Lee Chapman, Mark Robins, Mark Hughes, Paul Wilkinson
92.4%
2003-
04
Robert Pires, James Beattie, Robbie Keane
91.8%
2009-
10
Frank Lampard
91%
2008-
09
Frank Lampard
91%
2005-
06
Frank Lampard
91%
2004-
05
Frank Lampard
91%
2008-
09
Cristiano Ronaldo
90.2%
2007-
08
Cristiano Ronaldo
90.2%
2006-
07
Cristiano Ronaldo
90.2%
2008-
09
Ricardo Fuller, Kevin Davies, Robin Van Persie, John Carew, Jermain Defoe, Gabriel Agbonlahor
89.7%
1996-
97
Dennis Bergkamp, Stan Collymore, Oswaldo Giroldo Juninho
89.7%
1995-
96
Eric Cantona, Stan Collymore, Dion Dublin
89.7%
2003-
04
Michael Owen
89.5%
2002-
03
Michael Owen
89.5%
2001-
02
Michael Owen
89.5%
2000-
01
Michael Owen
89.5%
1998-
99
Michael Owen
89.5%
1997-
98
Michael Owen
89.5%
2009-
10
Jermain Defoe
87.9%
2004-
05
Jermain Defoe
87.9%
2008-
09
Steven Gerrard
87.6%
2003-
04
Ruud van Nistelrooy
87.5%
2002-
03
Ruud van Nistelrooy
87.5%
2001-
02
Ruud van Nistelrooy
87.5%
2005-
06
Ruud van Nistelrooy
87.3%
2007-
08
Robbie Keane
87.1%
year
Player Name
% Correct
2005-
06
Robbie Keane
87.1%
2006-
07
Dimitar Berbatov, Aiyegbeni Yakubu, Dirk Kuyt
86.3%
1999-
00
Dwight Yorke
85.5%
1998-
99
Dwight Yorke
85.5%
1996-
97
Dwight Yorke
85.5%
1995-
96
Dwight Yorke
85.5%
1997-
98
Dennis Bergkamp
85.3%
2000-
01
Teddy Sheringham
84.2%
1996-
97
Ian Wright
84.2%
1995-
96
Teddy Sheringham
84.2%
1995-
96
Ian Wright
84.2%
1994-
95
Teddy Sheringham
84.2%
1994-
95
Ian Wright
84.2%
1993-
94
Ian Wright
84.2%
1993-
94
Eric Cantona
84.2%
1992-
93
Teddy Sheringham
84.2%
2000-
01
James Beattie, Jonatan Johansson, Alan Smith, Frederic Kanoute, Gustavo Poyet
83.2%
2009-
10
Fernando Torres
83.1%
2008-
09
Fernando Torres
83.1%
2007-
08
Fernando Torres
83.1%
2001-
02
Robbie Fowler
83.1%
1998-
99
Robbie Fowler
83.1%
1996-
97
Robbie Fowler
83.1%
1995-
96
Robbie Fowler
83.1%
1994-
95
Robbie Fowler
83.1%
2008-
09
Nicolas Anelka
81.6%
2003-
04
Nicolas Anelka
81.6%
2002-
03
Nicolas Anelka
81.6%
1998-
99
Nicolas Anelka
81.6%
2004-
05
Robert Pires
81.4%
2009-
10
Louis Saha, Gabriel Agbonlahor
81.2%
2007-
08
Dimitar Berbatov
81.2%
2009-
10
Carlos Tevez
77.2%
2007-
08
Carlos Tevez
77.2%
2003-
04
Louis Saha
77.1%
2002-
03
James Beattie
75.8%
1996-
97
Matt LeTissier
74.8%
1994-
95
Matt LeTissier
74.8%
1993-
94
Matt LeTissier
74.8%
2000-
01
Kevin Phillips
74.2%
1999-
00
Kevin Phillips
74.2%
2009-
10
Darren Bent
73.3%
2008-
09
Darren Bent
73.3%
2006-
07
Darren Bent
73.3%
2005-
06
Darren Bent
73.3%
1998-
99
Dion Dublin
73.3%
1997-
98
Dion Dublin
73.3%
1996-
97
Dion Dublin
73.3%
2007-
08
Aiyegbeni Yakubu
72.3%
2005-
06
Aiyegbani Yakubu
72.3%
2004-
05
Aiyegbani Yakubu
72.3%
2003-
04
Aiyegbani Yakubu
72.3%
2004-
05
Peter Crouch
71.5%
2004-
05
Jimmy Floyd Hasselbaink
70.3%
2001-
02
Jimmy Floyd Hasselbaink
70.3%
2000-
01
Jimmy Floyd Hasselbaink
70.3%
1998-
99
Jimmy Floyd Hasselbaink
70.3%
1997-
98
Jimmy Floyd Hasselbaink
70.3%
year
Player Name
% Correct
1994-
95
Stan Collymore
70.3%
1996-
97
Les Ferdinand
70.2%
1995-
96
Les Ferdinand
70.2%
1994-
95
Les Ferdinand
70.2%
1992-
93
Les Ferdinand
70.2%
2006-
07
Mark Viduka
69.2%
2002-
03
Mark Viduka
69.2%
2000-
01
Mark Viduka
69.2%
2001-
02
Ole-Gunner Solskjær
69.1%
1996-
97
Ole-Gunner Solskjær
69.1%
1994-
95
Chris Sutton, Dean Saunders, Uwe Rosler
68.2%
1997-
98
Chris Sutton
66.8%
1993-
94
Chris Sutton
66.8%
2008-
09
Dirk Kuyt
66.4%
2009-
10
Emmanuel Adebayor
65.4%
2007-
08
Emmanuel Adebayor
65.4%
2000-
01
Emile Heskey
64.8%
2007-
08
John Carew
64.5%
1999-
00
Chris Armstrong
57.2%
1995-
96
Chris Armstrong
57.2%
2004-
05
Andrew Johnson
56.5%
2009-
10
Francesc Fabregas
47.6%
1994-
95
Jurgen Klinsmann
43.7%
1999-
00
Niall Quinn
42.3%
1992-
93
Mick Quinn
42.3%
2004-
05
Eidur Gudjohnsen
40.4%
2001-
02
Eidur Gudjohnsen
40.4%
2005-
06
Craig Bellamy
39.5%
1999-
00
Paolo Di Canio
36.1%
2007-
08
Roque Santa Cruz
33.9%
1993-
94
Peter Beardsley
32.7%
2000-
01
Marcus Stewart
32.4%
2008-
09
Robinho
31.3%
2006-
07
Benni McCarthy
30.1%
1996-
97
Fabrizio Ravanelli
28.1%
1995-
96
Andrei Kanchelskis
27%
2003-
04
Juan Pablo Angel
26.4%
1993-
94
Dean Holdsworth
26%
1992-
93
Dean Holdsworth
26%
1997-
98
John Hartson
24.3%
1999-
00
Michael Bridges
23.3%
2007-
08
Benjani Mwaruwaru
21.8%
1997-
98
Darren Huckerby
21.4%
2006-
07
Kevin Doyle
19.6%
1997-
98
Paulo Wanchope
19.5%
2001-
02
Marian Pahars
19.4%
1993-
94
Mark Bright
19.3%
1999-
00
Steffen Iversen
19.1%
2003-
04
Mikael Forssell
18.4%
1997-
98
Kevin Gallacher
16.5%
1993-
94
Rod Wallace
16%
1998-
99
Hamilton Ricard
15.1%
1992-
93
David White
14.9%
2005-
06
Marlon Harewood
13.6%
1998-
99
Julian Joachim
11.3%
2000-
01
Alen Boksic
8.9%
Quiz Playlist
Details
Report
Send in Message
Add To Playlist
More Info:
*There is Multi player tie. Player ties are only combinded if the total players for the year would be greater then 10.
Classic:
Type in answers that appear in a list
Quiz Source
Last Updated: Feb 16, 2017
Quiz Scoreboard
CHALLENGE
Sign Up to Join the Scoreboard
Show All
Scores
Hide
Comments
May contain spoilers
Recently Published
Movies - When Are They Set?
by FPL_Elf
Movies
5m
Popular People in 1961
by mucciniale
History
6m
1-10 Letter E Words III
by El_Dandy
Language
2m
More to Explore
Quiz From the Vault
Featured Blog Post
Where Did the Easter Bunny Come From?
hide this ad
You Might Also Like...
Tags
Premier League Quiz
1992
All Time
goal
Goal Scorers
Scorer
Today's Top Quizzes in Sports
Browse Sports
hide this ad
Today's Top Quizzes in Premier League
Browse Premier League
Top Contributed Quizzes in Sports
1
Les meilleurs buteurs des matchs entre le PSG et l’OM
2
2022 World Cup Stars
3
FIFA Club World Cup Champions
4
Les entraîneurs de l'OM et du PSG au 21e siècle
5
Name the Premier League winners with different clubs
6
La finale Lions - Afrique du Sud 2021
7
Criteria MLB: Left Handed Sluggers
8
Les joueurs passés par le LOSC et le RC Lens
9
Players with Multiple 50 Home Run Seasons
10
MLB Players with Two .350 Batting Average Seasons
Explore More
Trending Topics
Harry Potter
Anime
Kpop
Crossword
Disney
Marvel
NBA
Pokémon
NFL
Country
WWE
Soccer
Song
Puzzle
The Office
hide this ad
More By:
awelland
Quiz
Plays
Rating
Category
Featured
Created
NFL - QB universities
22,202
4.12
Sports
Sep 12, 2010
MLB Last 10 winners/leaders of...
6,361
4.51
Sports
Aug 24, 2010
EPL Top 10 scorers '92-'10
1,128
4.38
Sports
Aug 23, 2010
'V Capitals of Europe
818
4.50
Geography
Aug 12, 2010
Largest Cities of the World
545
4.57
Geography
Sep 5, 2010
Go to Creator's Profile
Score Distribution
Quiz Creator Spotlight
awelland
Follow
Send a Message
Quizzes Created
-
Created Quiz Play Count
-
More By This Creator
Popular Quizzes Today
1
Find the Countries of Europe - No Outlines Minefield
2
Find the US States - No Outlines Minefield
3
The Countries of the World
4
Popular People in 1961
5
US States
6
1-10 Letter E Words III
7
Find the US States
8
One Thing in Common: World Cities II
More Sports Quizzes
Last Ten: FIFA World Cup Winners in Order
Published
Trending Quizzes
Risky Map Clicking: Least Populous States A-Z
1-10 Letter F Words
1-10 Letter G Words
One Thing in Common: United Kingdom
Risky Map Clicking: Next State Alphabetically
Recently Updated
Leaping Animals
pecheneg
Reality TV Shows (A-Z)
bhenderson79
Rickey Henderson's Hall of Fame Teammates
pecheneg
Champions League XIs: Arsenal
pecheneg
Quick Pick: Celebrities in WWE's Hall of Fame
aduchscher
A-Z Keypad Blitz II
pecheneg
Multiple Oscar Actors
pecheneg
Mystery Phrase Blitz: Oscar 'Best Actors'
pecheneg
F. Scott Fitzgerald Novels
LTH
Pick 3 Villains
ddd62291
Trending Topics
Disney
Anime
NBA
Kpop
Harry Potter
Marvel
Crossword
WWE
Pokémon
NFL
Song
Soccer
The Office
Country
Puzzle
Your Account Isn't Verified!
In order to create a playlist on Sporcle, you need to verify the email address you used during registration. Go to your
Sporcle Settings
to finish the process.
Report this User
Report this user for behavior that violates our
Community Guidelines
.
Details:
Send Report
Go to the Sporcle.com Mobile Site →
Comments